Geografické a demografické determinanty regionálnej diferencovanosti cenzových domácností na Slovensku - analýza a prognóza do roku 2030

Cenzové domácnosti - pojem, štruktúra. Význam informácií o charaktere cenzových domácností. Analýza a prognózy cenzových domácností - skĺbenie demografického a geografického prístupu.

Salvato in:
Dettagli Bibliografici
Autore principale: Bleha, Branislav
Altri autori: Šprocha, Branislav
Natura: Capitolo di libro
Lingua:slovacco
Soggetti:
Tags: Aggiungi Tag
Nessun Tag, puoi essere il primo ad aggiungerne!!

MARC

LEADER 00000naa a2200000 4500
001 0211829
005 20231208101722.1
041 0 |a slo 
044 |a SK 
245 1 0 |a Geografické a demografické determinanty regionálnej diferencovanosti cenzových domácností na Slovensku - analýza a prognóza do roku 2030  |c Branislav Bleha, Branislav Šprocha 
520 |a Cenzové domácnosti - pojem, štruktúra. Význam informácií o charaktere cenzových domácností. Analýza a prognózy cenzových domácností - skĺbenie demografického a geografického prístupu. 
610 2 0 |a domácnosti 
610 2 0 |a mikrocenzus 
610 2 0 |a prognózy demografické 
610 2 0 |a rodina 
610 2 0 |a úmrtnosť 
610 2 0 |a rozvodovosť 
610 2 0 |a pôrodnosť 
610 2 0 |a prognózy 
610 2 0 |a regióny 
610 2 0 |a Slovensko 
100 1 |a Bleha, Branislav 
700 1 |a Šprocha, Branislav